Re-estructurando empresas: Las nuevas estructuras de redes para diseñar las organnizaciones del proximo siglo. / Roberto Serra.[ et al. ] (Registro nro. 14858)

Detalles MARC
000 -LÍDER
fixed length control field 00654nam a2200169 4500
008 - ELEMENTOS DE LONGITUD FIJA -- INFORMACIÓN GENERAL
fixed length control field 0 1994 0a 000 0ARG
020 ## - NÚMERO INTERNACIONAL NORMALIZADO PARA LIBROS
ISBN 950-537-289-2
050 ## - SIGNATURA TOPOGRAFICA DE LA BIBLIOTECA DEL CONGRESO (LC)
Número de Clasificación HD30.28 S425 1994
082 ## - NUMERO DE CLASIFICACION DECIMAL DEWEY
Número de Clasificación 658.4 S487r
100 ## - ASIENTO PRINCIPAL--NOMBRE PERSONAL
Nombre personal Serra Roberto
245 ## - TÍTULO
Título Re-estructurando empresas: Las nuevas estructuras de redes para diseñar las organnizaciones del proximo siglo. / Roberto Serra.[ et al. ]
260 ## - PUBLICACIÓN, DISTRIBUCIÓN, ETC. (PIE DE IMPRENTA)
Lugar de publicación, distribución, etc. Buenos Aires Argentina : Macchi.
300 ## - DESCRIPCIÓN FÍSICA
Extensión 217 p. il. / 23 cm.
500 ## - NOTA GENERAL
Nota general Incluye, índice.
650 ## - ASIENTO SECUNDARIO DE MATERIA - TERMINO TEMÁTICO
Término temático o nombre geográfico como elemento de entrada 1.- PLANIFICACIÒN DE NEGOCIOS. 2.- ADMINISTRACIÒN DE EMPRESAS. 3.- ADMINISTRACION INDUSTRIAL.
700 ## - ASIENTO SECUNDARIO - NOMBRE PERSONAL
Nombre personal Katika Eduardo.
Existencias
No. biblioteca No. biblioteca Número de clasificación Código de barras/Número de adquisición Número de copia Tipo de material
LUIS G. INCLAN LUIS G. INCLAN 658.4 S487r 39822 1 Libros
LUIS G. INCLAN LUIS G. INCLAN 658.4 S487r 39823 2 Libros
LUIS G. INCLAN LUIS G. INCLAN 658.4 S487r 39824 3 Libros
Calzada Tecnológico # 27, Zacatepec, Morelos.
01(734) 343-07-23 / 343-21-10 / 343-21-11
Apdo. Postal 45 C.P 62780